| 000 | 01161nam0a22002291 4500 | ||
|---|---|---|---|
| 001 | rc\633265 | ||
| 005 | 20250621191926.0 | ||
| 035 | _a(NLR Aleph) 005875251 | ||
| 090 |
_a6020907 _c6020907 |
||
| 100 | _a20031121d1986 |||y0rusy50 ca | ||
| 101 | 0 | _arus | |
| 102 | _aRU | ||
| 105 | _ay ||||||||| | ||
| 200 | 1 |
_aМЕТОДИЧЕСКИЕ рекомендации и проблемные ситуации по курсу "Актуальные проблемы теории и практики совершенствования социалистического общества" _f[М-во цв. металлургии СССР. Упр. кадров и учеб. заведений], Всесоюз. ин-т повышения квалификации специалистов цв. металлургии. Каф. обществ. наук _g[Сост. доц., к. филос. н. Г.Э. Бурбулис и др.] |
|
| 210 |
_aСвердловск _cБ. и. _d1986 |
||
| 215 |
_a30 с. _d20 |
||
| 320 | _aБиблиогр. в конце тем | ||
| 801 | 0 |
_aRU _bNLR _gpsbo |
|
| 801 | 1 |
_aRU _bELAR _2rusmarc |
|
| 852 |
_aNLR _j87-4/19976 |
||
| 942 | _cBOOK | ||
| 980 | _aNB | ||